Fuzzy logic adaptation of PID parameters for position control / (رقم التسجيلة. 14517)

تفاصيل مارك
000 -LEADER
fixed length control field 01658nam a2200337 a 4500
003 - CONTROL NUMBER IDENTIFIER
control field EG-GiCUC
005 - DATE AND TIME OF LATEST TRANSACTION
control field 20250223025515.0
008 - FIXED-LENGTH DATA ELEMENTS--GENERAL INFORMATION
fixed length control field 090128s2008 ua d f m 000 0 eng d
040 ## - CATALOGING SOURCE
Original cataloging agency EG-GiCUC
Language of cataloging eng
Transcribing agency EG-GiCUC
041 0# - LANGUAGE CODE
Language code of text/sound track or separate title eng
049 ## - LOCAL HOLDINGS (OCLC)
Holding library Deposite
097 ## - Thesis Degree
Thesis Level M.Sc
099 ## - LOCAL FREE-TEXT CALL NUMBER (OCLC)
Classification number Cai01.13.13.M.Sc.2008.Mo.F
100 0# - MAIN ENTRY--PERSONAL NAME
Personal name Mohamed Esawy Awwad Abdou
245 10 - TITLE STATEMENT
Title Fuzzy logic adaptation of PID parameters for position control /
Statement of responsibility, etc. Mohamed Esawy Awwad Abdou ; Supervised Sayed Mohamed Metwalli , Mohamed Ezz Hassan Ahmed
246 15 - VARYING FORM OF TITLE
Title proper/short title تحديد عوامل المتحكمات التناسبية التفاضلية التكاملية لاجراء التحكم الموضعي بإستخدام المنطق الهايش
260 ## - PUBLICATION, DISTRIBUTION, ETC.
Place of publication, distribution, etc. Cairo :
Name of publisher, distributor, etc. Mohamed Esawy Awwad Abdou ,
Date of publication, distribution, etc. 2008
300 ## - PHYSICAL DESCRIPTION
Extent 73 P. :
Other physical details charts ;
Dimensions 30cm
502 ## - DISSERTATION NOTE
Dissertation note Thesis (M.Sc.) - Cairo University - Faculty of Engineering - Department of Mechanical Design and Production
520 ## - SUMMARY, ETC.
Summary, etc. The objective of this thesis is to develop an advanced concept for position control of a mechanical system using commerecial low cost AC three phase induction motor. The concept is developed by implementing s digital proportional-integral-derivative (PID) controller and using a commercial AC drive with voltage/frequeny (V/f) control
530 ## - ADDITIONAL PHYSICAL FORM AVAILABLE NOTE
Additional physical form available note Issued also as CD
653 #4 - INDEX TERM--UNCONTROLLED
Uncontrolled term Fuzzy logic
653 #4 - INDEX TERM--UNCONTROLLED
Uncontrolled term PID control
653 #4 - INDEX TERM--UNCONTROLLED
Uncontrolled term Position control
700 0# - ADDED ENTRY--PERSONAL NAME
Personal name Mohamed Ezz Hassan ,
Relator term
700 0# - ADDED ENTRY--PERSONAL NAME
Personal name Sayed Mohamed Metwalli ,
Relator term
856 ## - ELECTRONIC LOCATION AND ACCESS
Uniform Resource Identifier <a href="http://172.23.153.220/th.pdf">http://172.23.153.220/th.pdf</a>
905 ## - LOCAL DATA ELEMENT E, LDE (RLIN)
Cataloger Mustafa
Reviser Revisor
905 ## - LOCAL DATA ELEMENT E, LDE (RLIN)
Cataloger Samia
Reviser Cataloger
942 ## - ADDED ENTRY ELEMENTS (KOHA)
Source of classification or shelving scheme Dewey Decimal Classification
Koha item type Thesis
المقتنيات
Source of classification or shelving scheme Not for loan Home library Current library Date acquired Full call number Barcode Date last seen Koha item type Copy number
Dewey Decimal Classification   المكتبة المركزبة الجديدة - جامعة القاهرة قاعة الرسائل الجامعية - الدور الاول 11.02.2024 Cai01.13.13.M.Sc.2008.Mo.F 01010110050526000 22.09.2023 Thesis  
Dewey Decimal Classification   المكتبة المركزبة الجديدة - جامعة القاهرة مخـــزن الرســائل الجـــامعية - البدروم 11.02.2024 Cai01.13.13.M.Sc.2008.Mo.F 01020110050526000 22.09.2023 CD - Rom 50526.CD
Cairo University Libraries Portal Implemented & Customized by: Eng. M. Mohamady Contacts: new-lib@cl.cu.edu.eg | cnul@cl.cu.edu.eg
CUCL logo CNUL logo
© All rights reserved — Cairo University Libraries
CUCL logo
Implemented & Customized by: Eng. M. Mohamady Contact: new-lib@cl.cu.edu.eg © All rights reserved — New Central Library
CNUL logo
Implemented & Customized by: Eng. M. Mohamady Contact: cnul@cl.cu.edu.eg © All rights reserved — Cairo National University Library